Statistics for NHL Stadiums Quiz

Click here to take the quiz!

General Stats

  • This quiz has been taken 147 times
    (108 since last reset)
  • The average score is 14 of 32

Answer Stats

TeamYearStadium% Correct
Rangers1968Madison Square Garden
97%
Bruins1995TD Garden
79%
Flames1983Scotiabank Saddledome
75%
Maple Leafs1999Scotiabank Arena
63%
Canadiens1996Bell Centre
61%
Kings1999Staples Center
60%
Golden Knights2016T-Mobile Arena
56%
Blackhawks1994United Center
52%
Ducks1993Honda Center
48%
Stars2001American Airlines Center
47%
Canucks1995Rogers Arena
47%
Oilers2016Rogers Place
47%
Flyers1996Wells Fargo Center
45%
Red Wings2017Little Caesars Arena
44%
Lightning1996Amalie Arena
43%
Avalanche1999Ball Arena
43%
Capitals1997Capital One Arena
41%
Predators1996Bridgestone Arena
40%
Islanders1972Nassau Coliseum
40%
Penguins2010PPG Paints Arena
39%
Islanders*2012Barclays Center
37%
Devils2007Prudential Center
37%
Sharks1993SAP Center
35%
Senators1996Canadian Tire Centre
33%
Sabres1996KeyBank Center
33%
Hurricanes1999PNC Arena
33%
Blue Jackets2000Nationwide Arena
27%
Wild2000Xcel Energy Center
25%
Blues1994Enterprise Center
24%
Coyotes2003Gila River Arena
24%
Panthers1998BB&T Center
20%
Jets2004Bell MTS Place
17%

Score Distribution

Percentile by Number Answered

Percent of People with Each Score

Your Score History

You have not taken this quiz since the last reset